| 000 | 01253nam a2200325 a 4500 | ||
|---|---|---|---|
| 001 | 000115975 | ||
| 003 | CHAP | ||
| 005 | 20220329144555.0 | ||
| 008 | 190823s2019 mx | |sm |||||||spa d | ||
| 010 | _a112436 | ||
| 011 | _a113408 | ||
| 040 | _cCHAP | ||
| 090 | _aTesis | ||
| 100 | 1 |
_aBuendía Tamariz, Mali Nay. _915952 |
|
| 245 | 1 | 3 |
_aLa higuerilla (Ricinus communis L.) un cultivo alternativo para la producción de biodiesel en zonas áridas _h[En línea] _cpor Mali Nay Buendía Tamariz. |
| 260 |
_aChapingo, Méx. : _bEl autor, _c2019. |
||
| 500 | _aPara ver el contenido del material haga clic en la liga | ||
| 502 | _aTesis (Ph. D. en Recursos Naturales y Medio Ambiente en Zonas Áridas) -- UACH. Unidad Regional Universitaria de Zonas Áridas | ||
| 590 |
_aE11695DGD _b10 _c20190823 _lUCH01 _h1448 |
||
| 590 |
_aE6337LMJ _b05 _c20190823 _lUCH01 _h1144 |
||
| 590 |
_aE6337LMJ _b05 _c20190823 _lUCH01 _h1144 |
||
| 650 | 1 | 4 |
_aBiocombustibles _xProducción. _9129610 |
| 650 | 1 | 4 |
_aHiguerilla _xRendimiento. _955369 |
| 650 | 1 | 4 |
_aHiguerilla _xVariedades. _955370 |
| 650 | 1 | 4 |
_aSuelos _xHumedad _xMedición. _9128690 |
| 856 |
_aFinding aid _uhttp://10.13.5.2/tesis/sist115975.pdf _zTeclea aquí |
||
| 901 | _aBK | ||
| 942 | _cTESIS | ||
| 942 | _n0 | ||
| 999 |
_c112436 _d112436 |
||